000 00757nam a22002297a 4500
003 0
005 20260123103703.0
008 260123b xxu||||| |||| 00| 0 eng d
020 _a 9786214740017
050 _aFIL 179
_bMum962 2021
082 _aFIL 179
_bMum962 2021
100 _ade Bezenac, Agnes
240 _aMumunting aral sa buhay tungkol sa... lakas ng loob
245 _aLittle life lessons on... courage
_cAgnes de Bezenac and Salem de Bezenac
260 _aManila :
_bLampara Publishing House, Inc.,
_c2021.
300 _a32 unnumbered pages :
_bcolored illustrations ;
_c21 cm.
650 _aCourage in children.
650 _aPicture books for children.
650 _aBilingual books.
700 _ade Bezenac, Salem
942 _2ddc
_cBK
999 _c368749
_d368749